Регионална библиотека "Любен Каравелов" - Русе

Литературнокритически прочити (Запис номер 101396)

MARC детайли
000 -Лидер
Контролно поле с фиксирана дължина 01632nam a2200325 c 4500
003 - Код на организацията, давaща контролен номер
Контролно поле BLK
005 - Дата и час на последна редакция
Контролно поле 20230406030519.0
008 - Елементи от данни с фиксирана дължина
fixed length control field 180409b bul|||||r ||||||| ||bul||
010 ## - Наследен системен номер
LC control number KNG00106441000
020 ## - Международен стандартен номер на книга ISBN
Международен стандартен номер на книга ISBN 954-439-720-5
-- издат.: Слово
040 ## - Източник на каталожния запис
Идентификатор на билиотеката - собственик на записа BLK
041 ## - Код за език
Код за езика на текст/звукозапис или на отделно заглавие Български
Код за езика КДБФ Български
080 ## - УДК
Текстов определител УДК Българска литература
УДК код - определител по УДК 821.163.2
УДК определител .09(075.8)
УДК - код + определител 821.163.2.09(075.8)
100 1# - Редна дума - Автор
Автор Велкова-Гайдаржиева, Антония Веселинова
Авторска отговорност първи автор
R(LIN) 372033
139 ## - Редно поле
Редна дума Велкова-Гайдаржиева, Антония Веселинова
Авторски знак Велк - В 43
245 10 - Сведения за заглавието
Заглавие Литературнокритически прочити
Редно поле (дума) Антония Веселинова Велкова-Гайдаржиева.
257 ## - Страна на издаване
Страна на създаване/издаване България
260 ## - Област на издателските данни
-- В. Търново
Име на издателя, разпространителя и проч. Слово
Година на издаване 2002
Печатница В. Търново : Абагар АД
300 ## - Физическа характеристика
Страници 272 с.
Размери/Мащаб 20 см
380 ## - Жанр
Жанр Литературознание
500 ## - Общи забележки
Забележка Съдържа критически материали за П. Хилендарски, Х. Ботев, З. Стоянов, И. Вазов, П. Славейков, П. К. Яворов, Т. Траянов, Д. Дебелянов, Г. Милев, Е. Багряна, Н. Хайтов, В. Попов, А. Германов.
650 #4 - Допълнително описание по предмет – тема
Основно описание – тема или топоним Българска литература - критика
9 (RLIN) 241969
653 ## - Ключова дума – ненормативна
Ключова дума българска литература
653 ## - Ключова дума – ненормативна
Ключова дума литературна критика
852 ## - Местоположение
Форматна сигнатура Цб 215017
856 4# - Електронен адрес и достъп
Електронен формат pdf - файл
Път до файла /url/
856 4# - Електронен адрес и достъп
Електронен формат pdf - файл
Път до файла /url/
942 ## - АРТИКУЛИ
Вид на библиотечния материал Книги
Скрит в OPAC Не
944 ## - СЪЗДАВАНЕ И РЕДАКЦИЯ на ЗАПИСА
Създаване/Редакция Създаване
Дата на регистрацията/редакция 01.01.2002
Служител, извършил регистрацията/редакцията Геновева_Генчева
944 ## - СЪЗДАВАНЕ И РЕДАКЦИЯ на ЗАПИСА
Създаване/Редакция Редакция
Дата на регистрацията/редакция 23.11.2017
Служител, извършил регистрацията/редакцията Виолета_Тройчева
999 ## - СИСТЕМНИ КОНТРОЛНИ НОМЕРА
Koha biblionumber 101396
Koha biblioitemnumber 101396
Наличности
Код за отписване Код за изгубен артикул Код за повреда Коз за рестрикции Код за отдаване Артикулен № Име на библиотеката - собственик Име на библиотеката, в която се намира в момента Статус (Текущо местоположение) Дата на вписване в системата Местоположение - отдел Цена в лева Инвентарен номер Систематично азбучна сигнатура Баркод Номер на екземпляра Цена в евро Служебна бележка Служебен тип на артикула Бележка за публиката Източник на класификационната схема
Изтеглен Не е изгубен Не е повреден без рестрикции заемане за дома 163279 Регионална библиотека "Любен Каравелов" Русе Регионална библиотека "Любен Каравелов" Русе   2003-06-05 Заемна - подръчен фонд 5.50 120000676567 П 886.7/В 43 120000676567 1 2.81 Дост: Pk Вид: Ф N: 15453 Дата: 03.06.2003 Книги Отч.N: 11/2018 , Дата: 02.02.2018  
Изтеглен Не е изгубен Не е повреден без рестрикции заемане за дома 163280 Регионална библиотека "Любен Каравелов" Русе Регионална библиотека "Любен Каравелов" Русе Заемна - подръчен фонд 2003-06-05 Заемна - подръчен фонд 5.50 120000676568 П 886.7/В 43 120000676568 2 2.81 Дост: Pk Вид: Ф N: 15453 Дата: 03.06.2003 Дата инв: 29.03.2017 Бележки инв: Ч2017 Книги   Universal Decimal Classification
  Не е изгубен Не е повреден без рестрикции ползва се в читалня 163281 Регионална библиотека "Любен Каравелов" Русе Регионална библиотека "Любен Каравелов" Русе Хранилище 2004-03-11 Хранилище 5.50 120000683513 Цб 215017 120000683513 3 2.81 Дост: Dp Вид: Д N: 17 Дата: 09.04.2003 Книги    
Изтеглен Не е изгубен Не е повреден без рестрикции заемане за дома 163282 Регионална библиотека "Любен Каравелов" Русе Регионална библиотека "Любен Каравелов" Русе   2007-10-10 Заемна - подръчен фонд 5.50 120000717898 П 886.7/В 43 120000717898 4 2.81 Дост: Pk Вид: Ф N: 9217 Дата: 01.10.2007 Книги Отч.N: 11/2018 , Дата: 02.02.2018  
Изтеглен Не е изгубен Не е повреден без рестрикции заемане за дома 163283 Регионална библиотека "Любен Каравелов" Русе Регионална библиотека "Любен Каравелов" Русе Заемна - подръчен фонд 2007-10-10 Заемна - подръчен фонд 0.00 120000717899 П 886.7/В 43 120000717899 5 0.00 Дост: Pk Вид: Ф N: 9217 Дата: 01.10.2007 Книги   Universal Decimal Classification
  Не е изгубен Не е повреден без рестрикции заемане за дома 163284 Регионална библиотека "Любен Каравелов" Русе Регионална библиотека "Любен Каравелов" Русе Заемна - подръчен фонд 2007-10-10 Заемна - подръчен фонд 5.50 120000717900 821.163.2.09/В 43 А 120000717900 6 2.81 Дост: Pk Вид: Ф N: 9217 Дата: 01.10.2007 Дата инв: 09.02.2018 Бележки инв: П2018 Книги   Universal Decimal Classification
Изтеглен Не е изгубен Не е повреден без рестрикции заемане за дома 163285 Регионална библиотека "Любен Каравелов" Русе Регионална библиотека "Любен Каравелов" Русе Заемна - подръчен фонд 2007-10-10 Заемна - подръчен фонд 5.50 120000717901 П 886.7/В 43 120000717901 7 2.81 Дост: Pk Вид: Ф N: 9217 Дата: 01.10.2007 Книги   Universal Decimal Classification
Vip Innovations Ltd, Rousse, Bulgaria 2025